LEADER 01140nam 2200301Ia 450 001 996384290203316 005 20221108041247.0 035 $a(CKB)1000000000595145 035 $a(EEBO)2240988445 035 $a(OCoLC)12260622 035 $a(EXLCZ)991000000000595145 100 $a19850712d1657 uy | 101 0 $aeng 135 $aurbn||||a|bb| 200 10$aDu Vergers humble reflections vpon some passages of the Right Honorable the Lady Marchionesse of Nevvcastles Olio, or, An appeale from her mes-informed, to her ovvne better informed iudgement$b[electronic resource] 210 $aPrinted at London $c[s.n.]$d1657 215 $a[7], 168 p 300 $aReproduction of original in Huntington Library. 330 $aeebo-0113 700 $aDu Verger$b S$01012710 801 0$bEAA 801 1$bEAA 801 2$bm/c 801 2$bWaOLN 906 $aBOOK 912 $a996384290203316 996 $aDu Vergers humble reflections vpon some passages of the Right Honorable the Lady Marchionesse of Nevvcastles Olio, or, An appeale from her mes-informed, to her ovvne better informed iudgement$92403846 997 $aUNISA LEADER 00847nam a2200229 a 4500 001 991004045299707536 008 020 $a0521243440 035 $ab14428404-39ule_inst 040 $aDip.to di Storia, Società e Studi sull'Uomo$bita 082 0 $a944.028 100 1 $aKnecht, Robert J.$0168099 245 10$aFrancis 1. /$cR. J. Knecht 260 $aCambridge [etc.] :$bCambridge university press,$cc1982 300 $aXV, 480 p., [16] p. di tav. ;$c24 cm 650 4$aFrancesco I 907 $a.b14428404$b25-02-22$c11-01-22 912 $a991004045299707536 945 $aLE023 Fondo Brambilla 1010$g1$i2023000210840$lle023$o-$pE36.40$q-$rn$so $t0$u0$v0$w0$x0$y.i15991714$z11-01-22 996 $aFrancis 1$92780066 997 $aUNISALENTO 998 $ale023$b11-01-22$cm$da $e-$feng$guk $h0$i0